Integrated Transport System - a Form of Improving Public Passenger Transport
Integrovaný dopravný systém - forma skvalitnenia verejnej osobnej dopravy. Integrácia verejnej dopavy na Slovensku a vo svete.
Salvato in:
| Autore principale: | |
|---|---|
| Altri autori: | |
| Natura: | Capitolo di libro |
| Lingua: | inglese |
| Soggetti: | |
| Tags: |
Nessun Tag, puoi essere il primo ad aggiungerne!!
|
MARC
| LEADER | 00000naa$a2200000$$$4500 | ||
|---|---|---|---|
| 001 | 0208800 | ||
| 005 | 20240502083521.8 | ||
| 041 | 0 | |a eng | |
| 044 | |a SG | ||
| 245 | 1 | 0 | |a Integrated Transport System - a Form of Improving Public Passenger Transport |c Elena Gregová, Elena Dengová |
| 520 | |a Integrovaný dopravný systém - forma skvalitnenia verejnej osobnej dopravy. Integrácia verejnej dopavy na Slovensku a vo svete. | ||
| 610 | 2 | 0 | |a systémy integrované dopravné |
| 610 | 2 | 0 | |a doprava osobná |
| 610 | 2 | 0 | |a doprava verejná |
| 610 | 2 | 0 | |a služby dopravné |
| 610 | 2 | 0 | |a Slovensko |
| 610 | 2 | 0 | |a svet |
| 100 | 1 | |a Gregová, Elena | |
| 700 | 1 | |a Dengová, Elena | |